[Event "Bad Godesberg op 15th"]
[Site "Bad Godesberg"]
[Date "2011.07.25"]
[Round "3"]
[White "Hoss, Andreas"]
[Black "Haertwig, Sven"]
[Result "1-0"]
[WhiteElo "1715"]
[BlackElo "1424"]
[PlyCount "131"]
[EventDate "2011.07.23"]
[EventType "swiss"]
[EventRounds "9"]
[EventCountry "GER"]
[SourceTitle "EXT 2017"]
[Source "ChessBase"]
[SourceDate "2016.10.25"]
[SourceVersion "1"]
[SourceVersionDate "2016.10.25"]
[SourceQuality "1"]

1. e4 e5 2. Nf3 Nc6 3. Bb5 Nf6 4. d3 Bc5 5. h3 a6 6. Bxc6 dxc6 7. 0-0 Qd6 8. Bg5 h6 9. Bh4 Be6 10. Bg3 Nd7 11. Nc3 0-0-0 12. Ne2 f6 13. d4 Ba7 14. dxe5 Qf8 15. Qc1 f5 16. Nfd4 Bc4 17. e6 Bxd4 18. Qf4 Bb6 19. exd7+ Rxd7 20. Rfe1 fxe4 21. Qxe4 Bd5 22. Qf4 Rf7 23. Qg4+ Kb8 24. Nf4 Bxf2+ 25. Kh1 Bxe1 26. Rxe1 g5 27. Nxd5 Rf1+ 28. Rxf1 Qxf1+ 29. Kh2 cxd5 30. Qd4 Rf8 31. Qxd5 Qf5 32. Qc4 Rf7 33. Qd4 Rf8 34. Qb6 Qxc2 35. Qxh6 Re8 36. Qxg5 Rc8 37. h4 Qxb2 38. Be5 Qxa2 39. h5 Rg8 40. Bg7 Qc2 41. h6 Qh7 42. g4 c5 43. Qe5+ Ka8 44. g5 Qg6 45. Qf6 Qh5+ 46. Kg3 Re8 47. Qf4 Qg6 48. Be5 c4 49. Kg4 c3 50. Qf5 Qxf5+ 51. Kxf5 Rxe5+ 52. Kxe5 c2 53. h7 c1Q 54. h8Q+ Ka7 55. Qf6 Qc5+ 56. Ke4 Qc2+ 57. Kd5 Qb3+ 58. Kd6 Qb6+ 59. Ke7 Qc5+ 60. Kf7 Qc7+ 61. Kg8 Qc4+ 62. Qf7 Qc8+ 63. Kh7 Qc2+ 64. g6 a5 65. Kh8 Qh2+ 66. Kg8 1-0